[Event "Barcelona Sant Marti op-B 16th"]
[Site "Barcelona"]
[Date "2014.07.18"]
[Round "6"]
[White "Pascual Gonzalez, Novelles David"]
[Black "Ballve Monte, Antoni"]
[Result "1-0"]
[WhiteElo "1855"]
[BlackElo "1750"]
[PlyCount "81"]
[EventDate "2014.07.13"]
[EventType "swiss"]
[EventRounds "9"]
[EventCountry "ESP"]
[SourceTitle "CBM 161 Extra"]
[Source "ChessBase"]
[SourceDate "2014.08.29"]
[SourceVersion "1"]
[SourceVersionDate "2014.08.29"]
[SourceQuality "1"]

1. e4 e5 2. Nf3 Nc6 3. b3 Nf6 4. Bb2 Bc5 5. Bc4 d6 6. 0-0 0-0 7. Nc3 a6 8. a4 Bg4 9. h3 Bh5 10. Be2 Bg6 11. d3 Nh5 12. Nxe5 Ng3 13. Nxc6 Nxe2+ 14. Nxe2 bxc6 15. Ng3 Qg5 16. Kh1 d5 17. d4 Bd6 18. e5 Bb4 19. c3 Ba5 20. b4 Bb6 21. Bc1 Qe7 22. f4 h6 23. f5 Qh4 24. Kh2 Bh7 25. Rf4 Qd8 26. f6 g6 27. Qg4 a5 28. Nf5 axb4 29. Ne7+ Kh8 30. Nxc6 Qe8 31. Nxb4 Rxa4 32. Rxa4 Qxa4 33. Rf3 h5 34. Qh4 c6 35. Bh6 Ra8 36. Bg7+ Kg8 37. Qg5 Bxd4 38. cxd4 Qxb4 39. Qh6 Qb8 40. Rb3 Qxb3 41. Bh8 1-0

[Event "Foment Martinenc op-C 16th"]
[Site "Barcelona"]
[Date "2014.05.31"]
[Round "6"]
[White "Archs Garriga, Ignasi"]
[Black "Ballve Monte, Antoni"]
[Result "0-1"]
[WhiteElo "1824"]
[BlackElo "1762"]
[PlyCount "78"]
[EventDate "2014.04.26"]
[EventType "swiss"]
[EventRounds "9"]
[EventCountry "ESP"]
[SourceTitle "EXT 2015"]
[Source "ChessBase"]
[SourceDate "2014.11.20"]
[SourceVersion "1"]
[SourceVersionDate "2014.11.20"]
[SourceQuality "1"]

1. c4 e5 2. Nc3 Nf6 3. Nf3 Nc6 4. a3 Bc5 5. e3 d6 6. b4 Bb6 7. Bb2 a6 8. Be2 Bg4 9. d4 exd4 10. exd4 0-0 11. 0-0 Re8 12. c5 Ba7 13. Rc1 Qd7 14. h3 Bh5 15. Re1 b6 16. d5 Bxf3 17. dxc6 Bxc6 18. cxd6 cxd6 19. Qd3 b5 20. Bf3 Bxf3 21. Qxf3 Rac8 22. Rcd1 Re6 23. Qg3 Nh5 24. Qg5 g6 25. Nd5 Rc2 26. Rxe6 fxe6 27. Ne7+ Kf7 28. Bd4 Bxd4 29. Rxd4 Qxe7 30. Qe3 Rc4 31. Qf3+ Kg7 32. Rxc4 bxc4 33. Qc3+ Qf6 34. Qxc4 Qa1+ 35. Kh2 Qe5+ 36. g3 Qf5 37. Qe2 Nf6 38. Qf1 d5 39. Kg2 d4 0-1

[Event "Foment Martinenc op-C 16th"]
[Site "Barcelona"]
[Date "2014.05.10"]
[Round "3"]
[White "Ballve Monte, Antoni"]
[Black "Garcia Pitarch, Raul"]
[Result "1/2-1/2"]
[WhiteElo "1762"]
[BlackElo "1700"]
[PlyCount "82"]
[EventDate "2014.04.26"]
[EventType "swiss"]
[EventRounds "9"]
[EventCountry "ESP"]
[SourceTitle "EXT 2015"]
[Source "ChessBase"]
[SourceDate "2014.11.20"]
[SourceVersion "1"]
[SourceVersionDate "2014.11.20"]
[SourceQuality "1"]

1. e4 c6 2. d4 d5 3. e5 Bf5 4. Nf3 e6 5. Bd3 Nh6 6. Bg5 Qc7 7. Nc3 g6 8. Qd2 Bxd3 9. Qxd3 Bg7 10. Qd2 Nf5 11. g4 h6 12. gxf5 hxg5 13. fxe6 g4 14. exf7+ Qxf7 15. Ng1 Nd7 16. 0-0-0 Bh6 17. Nge2 Bxd2+ 18. Rxd2 Qxf2 19. Ng3 Qxg3 20. hxg3 Rxh1+ 21. Nd1 0-0-0 22. e6 Nf6 23. Rf2 Ne4 24. Rf7 Ng5 25. Rf6 Re1 26. Rxg6 Nxe6 27. Rxg4 Rf8 28. Kd2 Rff1 29. Ne3 Rxe3 30. Kxe3 Kc7 31. c3 c5 32. dxc5 Nxc5 33. Kd4 b6 34. Kxd5 Rd1+ 35. Kc4 Rb1 36. b3 Rd1 37. Rg6 Rd7 38. Kb5 Kb7 39. b4 a6+ 40. Kc4 Nd3 41. Kb3 Ne5 1/2-1/2

[Event "Barcelona Sant Marti op-B 15th"]
[Site "Barcelona"]
[Date "2013.07.17"]
[Round "5"]
[White "Ballve Monte, Antoni"]
[Black "Catala Morales, Joaquim"]
[Result "0-1"]
[WhiteElo "1638"]
[BlackElo "1413"]
[PlyCount "52"]
[EventDate "2013.07.13"]
[EventType "swiss"]
[EventRounds "9"]
[EventCountry "ESP"]
[SourceTitle "CBM 155 Extra"]
[Source "ChessBase"]
[SourceDate "2013.08.26"]
[SourceVersion "1"]
[SourceVersionDate "2013.08.26"]
[SourceQuality "1"]

1. e4 c5 2. Nf3 Nc6 3. Bc4 e6 4. Nc3 a6 5. a3 Nf6 6. d4 cxd4 7. Nxd4 Nxd4 8. Qxd4 Qc7 9. h3 Bc5 10. Qd3 b5 11. Bb3 Bb7 12. Bg5 Qe5 13. Bxf6 Qxf6 14. 0-0-0 Bc6 15. f3 Qg5+ 16. Kb1 Qxg2 17. a4 0-0 18. axb5 axb5 19. Nxb5 Qg3 20. Qc4 Qe5 21. Nc3 Ra5 22. Ba4 Rfa8 23. b4 Bxb4 24. Qxb4 Rb8 25. Nb5 Rbxb5 26. Bxb5 Qa1# 0-1

[Event "Barcelona Sant Marti op-B 15th"]
[Site "Barcelona"]
[Date "2013.07.13"]
[Round "1"]
[White "Ballve Monte, Antoni"]
[Black "Alvarez Serrano, Carlos"]
[Result "0-1"]
[WhiteElo "1638"]
[BlackElo "1894"]
[PlyCount "38"]
[EventDate "2013.07.13"]
[EventType "swiss"]
[EventRounds "9"]
[EventCountry "ESP"]
[SourceTitle "CBM 155 Extra"]
[Source "ChessBase"]
[SourceDate "2013.08.26"]
[SourceVersion "1"]
[SourceVersionDate "2013.08.26"]
[SourceQuality "1"]

1. e4 c5 2. Nf3 d6 3. Bc4 e6 4. Nc3 a6 5. a3 Nf6 6. d4 cxd4 7. Nxd4 Qc7 8. Bb3 Be7 9. Nde2 b5 10. Ng3 Nc6 11. Be3 Bb7 12. a4 b4 13. Nce2 0-0 14. Nf4 Rfc8 15. Nfh5 Ne5 16. Qd2 Nxe4 17. Nxe4 Bxe4 18. Rc1 Bxg2 19. Rg1 Nf3+ 0-1

[Event "Barcelona La Lira op-D 11th"]
[Site "Barcelona"]
[Date "2008.07.22"]
[Round "4.1"]
[White "Blasco Coll, Andreu"]
[Black "Ballve Monte, Antoni"]
[Result "1-0"]
[WhiteElo "1775"]
[BlackElo "1706"]
[PlyCount "95"]
[EventDate "2008.07.19"]
[EventType "tourn"]
[EventRounds "9"]
[EventCountry "ESP"]
[SourceTitle "EXT 2024"]
[Source "ChessBase"]
[SourceDate "2023.10.10"]
[SourceVersion "1"]
[SourceVersionDate "2023.10.10"]
[SourceQuality "1"]

1. e4 e5 2. Nf3 Nc6 3. Bb5 Nf6 4. 0-0 Bd6 5. Re1 0-0 6. c3 a6 7. Ba4 b5 8. Bc2 Bb7 9. d4 Re8 10. Nbd2 exd4 11. cxd4 Nb4 12. e5 Nxc2 13. Qxc2 Bb4 14. exf6 Bxf3 15. Rxe8+ Qxe8 16. Nxf3 Qe6 17. Bg5 gxf6 18. Be3 Bd6 19. Nh4 Qg4 20. Nf5 Bf4 21. Nh6+ Bxh6 22. Bxh6 Re8 23. Qd1 Qg6 24. Be3 Kh8 25. Rc1 Rg8 26. Qf3 h5 27. d5 h4 28. Bd4 Kg7 29. h3 Kh7 30. Bxf6 Qh6 31. Qf5+ Rg6 32. Re1 Qf8 33. Re4 Kg8 34. Rxh4 Rh6 35. Qg5+ Kh7 36. Qxh6+ Qxh6 37. Rxh6+ Kxh6 38. Bd8 c6 39. dxc6 dxc6 40. Bb6 Kg6 41. Kf1 Kg5 42. Ke2 Kf5 43. Ke3 Ke5 44. g4 Kf6 45. h4 Kg6 46. f4 f5 47. g5 Kh5 48. Kd4 1-0

[Event "Barcelona La Lira op-D 11th"]
[Site "Barcelona"]
[Date "2008.07.21"]
[Round "3.5"]
[White "Brutau Izquierdo, Oscar"]
[Black "Ballve Monte, Antoni"]
[Result "0-1"]
[WhiteElo "1703"]
[BlackElo "1706"]
[PlyCount "46"]
[EventDate "2008.07.19"]
[EventType "tourn"]
[EventRounds "9"]
[EventCountry "ESP"]
[SourceTitle "EXT 2024"]
[Source "ChessBase"]
[SourceDate "2023.10.10"]
[SourceVersion "1"]
[SourceVersionDate "2023.10.10"]
[SourceQuality "1"]

1. d4 Nf6 2. Nf3 d5 3. c4 e6 4. Nc3 Bb4 5. Bd2 Nc6 6. e3 0-0 7. Bd3 Re8 8. 0-0 Bxc3 9. Bxc3 Ne4 10. Qc2 f5 11. cxd5 exd5 12. a3 Qf6 13. Bb5 Bd7 14. Bxc6 Bxc6 15. b4 a6 16. a4 b5 17. axb5 Bxb5 18. Rfc1 f4 19. Bb2 fxe3 20. fxe3 c6 21. Ne5 Qg5 22. Ra3 Rf8 23. Rf1 Rxf1# 0-1

[Event "Barcelona Sant Marti op 06th"]
[Site "Barcelona"]
[Date "2004.04.17"]
[Round "1"]
[White "Ballve Monte, Antoni"]
[Black "Ayza Leon, David"]
[Result "0-1"]
[WhiteElo "1860"]
[BlackElo "2200"]
[PlyCount "42"]
[EventDate "2004.04.17"]
[EventType "swiss"]
[EventRounds "9"]
[EventCountry "ESP"]
[SourceTitle "CBM 100 Extra"]
[Source "ChessBase"]
[SourceDate "2004.07.06"]
[SourceVersion "2"]
[SourceVersionDate "2004.07.06"]
[SourceQuality "1"]

1. e4 c5 2. Nf3 Nc6 3. Bc4 e6 4. Nc3 Nge7 5. d3 d5 6. exd5 exd5 7. Bb3 Bg4 8. h3 Bh5 9. g4 Bg6 10. Nh4 Qd7 11. Bf4 Nd4 12. Nxg6 hxg6 13. Be3 Nxb3 14. cxb3 d4 15. Bf4 dxc3 16. bxc3 Nd5 17. Bd2 0-0-0 18. Qc2 Re8+ 19. Kd1 Qxg4+ 20. hxg4 Rxh1+ 21. Be1 Rhxe1+ 0-1

[Event "Barcelona Sant Marti op 05th"]
[Site "Barcelona"]
[Date "2003.05.10"]
[Round "3.24"]
[White "Almeida Toledano, Daniel"]
[Black "Ballve Monte, Antoni"]
[Result "1-0"]
[WhiteElo "1970"]
[BlackElo "1800"]
[PlyCount "35"]
[EventDate "2003.04.26"]
[EventType "swiss"]
[EventRounds "9"]
[EventCountry "ESP"]
[SourceTitle "EXT 2004"]
[Source "ChessBase"]
[SourceDate "2003.11.25"]
[SourceVersion "1"]
[SourceVersionDate "2003.11.25"]
[SourceQuality "1"]

1. e4 e5 2. Nf3 d6 3. d4 exd4 4. Nxd4 Nf6 5. Nc3 Be7 6. Be2 Bd7 7. Be3 Nc6 8. f4 Nxd4 9. Qxd4 c5 10. Qd2 Ng4 11. 0-0-0 Qa5 12. Kb1 b5 13. e5 Nxe3 14. Qxe3 dxe5 15. Qxe5 f6 16. Qe4 0-0 17. Rxd7 b4 18. Qxe7 1-0

[Event "Barcelona Sant Marti op 05th"]
[Site "Barcelona"]
[Date "2003.05.03"]
[Round "2.41"]
[White "Ballve Monte, Antoni"]
[Black "Herreria, Jose"]
[Result "1-0"]
[WhiteElo "1800"]
[BlackElo "1700"]
[PlyCount "69"]
[EventDate "2003.04.26"]
[EventType "swiss"]
[EventRounds "9"]
[EventCountry "ESP"]
[SourceTitle "EXT 2004"]
[Source "ChessBase"]
[SourceDate "2003.11.25"]
[SourceVersion "1"]
[SourceVersionDate "2003.11.25"]
[SourceQuality "1"]

1. e4 e5 2. Nf3 Nc6 3. Bb5 Nf6 4. Nc3 Bb4 5. d3 d6 6. a3 Ba5 7. b4 Bb6 8. Nd5 Bd4 9. Nxd4 exd4 10. Bg5 Bd7 11. Nxf6+ gxf6 12. Bh4 Qe7 13. Qf3 Ne5 14. Bxd7+ Qxd7 15. Qxf6 Rg8 16. f3 Ng6 17. Bg5 c5 18. 0-0 b6 19. f4 Rc8 20. e5 dxe5 21. fxe5 Rc6 22. e6 Rxe6 23. Rae1 Re7 24. Qxf7+ Kd8 25. Qxg8+ Kc7 26. Bxe7 Nxe7 27. Rxe7 Qxe7 28. Rf7 Qxf7 29. Qxf7+ Kc6 30. a4 cxb4 31. Qc4+ Kb7 32. Qxb4 a5 33. Qxd4 Kc6 34. Qc4+ Kb7 35. d4 1-0

[Event "Barcelona Sant Marti op 04th"]
[Site "Barcelona"]
[Date "2002.04.20"]
[Round "3.41"]
[White "Porta Bellido, Xavier"]
[Black "Ballve Monte, Antoni"]
[Result "1-0"]
[WhiteElo "1890"]
[BlackElo "1770"]
[PlyCount "88"]
[EventDate "2002.04.06"]
[EventType "swiss"]
[EventRounds "9"]
[EventCountry "ESP"]
[SourceTitle "EXT 2003"]
[Source "ChessBase"]
[SourceDate "2002.11.25"]
[SourceVersion "1"]
[SourceVersionDate "2002.11.25"]
[SourceQuality "1"]

1. e4 e5 2. Nf3 Nc6 3. Bb5 Nf6 4. d3 Nd4 5. Nxd4 exd4 6. 0-0 Be7 7. Nd2 0-0 8. Nf3 c5 9. Re1 d6 10. h3 Be6 11. Ba4 a6 12. Bb3 Qd7 13. Bxe6 fxe6 14. c3 e5 15. Qb3+ Kh8 16. Bd2 Nh5 17. Nh2 Nf4 18. Bxf4 Rxf4 19. g3 Rf6 20. g4 Raf8 21. Re2 Rh6 22. Kg2 Bg5 23. Rh1 Bf4 24. Nf3 Rhf6 25. Nd2 Bg5 26. Qd1 Qf7 27. Qe1 Qxa2 28. Nc4 Qb3 29. h4 Bf4 30. g5 Rg6 31. f3 b5 32. Nb6 Qe6 33. Nd5 Qf7 34. Rh3 dxc3 35. bxc3 a5 36. Rb2 Rb8 37. Qa1 a4 38. Qxa4 h6 39. Rxb5 Rxb5 40. Qxb5 hxg5 41. Qb8+ Kh7 42. hxg5+ Rh6 43. gxh6 Qg6+ 44. Kf2 Bxh6 1-0